00363 a2200121 4500020001800000050001900018100003200037245005200069264003100121300001000152500005000162650002900212 a9781405835381 aKF398 PAN 2010 aPanesar, Sukhnindereauthor aExploring Equity and trust /cSukhnider Panesar aNew York :bPearson,c2010 a772p. aIncludes index and bibliographical references aLaw of Equity and trusts